00557nam a2200169 i 450000100060000000300090000600500170001500700030003200800410003508000390007610000270011524500760014226000650021830000210028360000610030485200220036543011ES-MaACL20230906160722.0t|030314s1968 sp ||||1| spa d a86 Ortega y Gasset, José 1.06:301 aCepeda Calzada, Pablo.13aLa doctrina de la sociedad en Ortega y Gasset / cPablo Cepeda Calzada. aValladolid : b[s.n.], c1968] (fGráf. Andrés Martín) a96 p. ; c21 cm.14aOrtega y Gasset, José,d1883-1955-xPensamiento social4 aES-MaACLjC-48843